<?xml version="1.0" encoding="UTF-8"?><?xml-stylesheet type="text/xsl" href="static/style.xsl"?><OAI-PMH xmlns="http://www.openarchives.org/OAI/2.0/" xmlns:xsi="http://www.w3.org/2001/XMLSchema-instance" xsi:schemaLocation="http://www.openarchives.org/OAI/2.0/ http://www.openarchives.org/OAI/2.0/OAI-PMH.xsd"><responseDate>2026-04-13T03:08:48Z</responseDate><request verb="GetRecord" identifier="oai:www.recercat.cat:2072/423598" metadataPrefix="marc">https://recercat.cat/oai/request</request><GetRecord><record><header><identifier>oai:recercat.cat:2072/423598</identifier><datestamp>2025-02-28T20:10:33Z</datestamp><setSpec>com_2072_98</setSpec><setSpec>col_2072_378197</setSpec></header><metadata><record xmlns="http://www.loc.gov/MARC21/slim" xmlns:dcterms="http://purl.org/dc/terms/" xmlns:xsi="http://www.w3.org/2001/XMLSchema-instance" xmlns:doc="http://www.lyncode.com/xoai" xsi:schemaLocation="http://www.loc.gov/MARC21/slim http://www.loc.gov/standards/marcxml/schema/MARC21slim.xsd">
   <leader>00925njm 22002777a 4500</leader>
   <datafield ind2=" " ind1=" " tag="042">
      <subfield code="a">dc</subfield>
   </datafield>
   <datafield ind2=" " ind1=" " tag="720">
      <subfield code="a">Matas i Prat, Anna</subfield>
      <subfield code="e">author</subfield>
   </datafield>
   <datafield ind2=" " ind1=" " tag="720">
      <subfield code="a">Raymond Bara, José Luis</subfield>
      <subfield code="e">author</subfield>
   </datafield>
   <datafield ind2=" " ind1=" " tag="720">
      <subfield code="a">Xarxa de Referència en Economia Aplicada (XREAP)</subfield>
      <subfield code="e">author</subfield>
   </datafield>
   <datafield ind2=" " ind1=" " tag="260">
      <subfield code="c">2006</subfield>
   </datafield>
   <datafield ind2=" " ind1=" " tag="520">
      <subfield code="a">The contributions of this paper are twofold: On the one hand, the paper analyses the factors determining the growth in car ownership in Spain over the last two decades, and, on the other, the paper provides empirical evidence for a controversial methodological issue. From a methodological point of view, the paper compares the two alternative decision mechanisms used for modelling car ownership: ordered-response versus unordered-response mechanisms. A discrete choice model is estimated at three points in time: 1980, 1990 and 2000. The study concludes that on the basis of forecasting performance, the multinomial logit model and the ordered probit model are almost undistinguishable. As for the empirical results, it can be emphasised that income elasticity is not constant and declines as car ownership increases. Besides, households living in rural areas are less sensitive than those living in urban areas. Car ownership is also sensitive to the quality of public transport for those living in the largest cities. The results also confirmed the existence of a generation effect, which will vanish around the year 2020, a weak life-cycle effect, and a positive effect of employment on the number of cars per household. Finally, the change in the estimated coefficients over time reflects an increase in mobility needs and, consequently, an increase in car ownership.</subfield>
   </datafield>
   <datafield tag="653" ind2=" " ind1=" ">
      <subfield code="a">Car ownership</subfield>
   </datafield>
   <datafield tag="653" ind2=" " ind1=" ">
      <subfield code="a">Ordered probit model</subfield>
   </datafield>
   <datafield tag="653" ind2=" " ind1=" ">
      <subfield code="a">Multinomial logit model</subfield>
   </datafield>
   <datafield tag="653" ind2=" " ind1=" ">
      <subfield code="a">Automòbils</subfield>
   </datafield>
   <datafield tag="653" ind2=" " ind1=" ">
      <subfield code="a">Desenvolupament econòmic</subfield>
   </datafield>
   <datafield ind2="0" ind1="0" tag="245">
      <subfield code="a">Economic development and changes in car ownership patterns</subfield>
   </datafield>
</record></metadata></record></GetRecord></OAI-PMH>